Die Dahabiye : Reiseskizzen aus Aegypten /

محفوظ في:

المؤلف الرئيسي: Kleinpaul, Rudolf, 1845-1918 (مؤلف)

التنسيق: كتاب

اللغة: German

منشور في: Stuttgart : J.G. Cotta, 1879.

الموضوعات:

الوسوم: إضافة وسم

لا توجد وسوم, كن أول من يضع وسما على هذه التسجيلة!

رقم الطلب: DT54 .K5 1879

LEADER 00668namaa2200229 4500
001 10254
003 OSt
005 20260326123029.0
008 130303s1879 gw a 000 0 ger d
035 |a ocm31489361 
040 |c ARCE Library 
043 |a f-ua--- 
050 4 |a DT54 .K5 1879 
100 1 |a Kleinpaul, Rudolf,  |d 1845-1918,  |e author  |9 34022 
245 1 4 |a Die Dahabiye :   |b Reiseskizzen aus Aegypten /   |c Rudolf Kleinpaul. 
264 1 |a Stuttgart :   |b J.G. Cotta,   |c 1879. 
300 |a 243 pages :  |b illustrations ;  |c 19 cm. 
651 0 |a Egypt  |x Description and travel. 
852 |a IN  |c 20090707085751.0n  |p 9986 
901 |a reviewed 
942 |c BK  |2 lcc 
999 |c 10049  |d 10049